Phylogenetic systematics

Phylogenetic Systematics", first published in 1966, marks a turning point in the history of systematic biology. Willi Hennig's influential synthetic work, arguing for the primacy of the phylogenetic system as the general reference system in biology, generated significant controversy and op...

全面介紹

Đã lưu trong:
書目詳細資料
主要作者: Hennig, Willi
格式: 圖書
語言:Undetermined
出版: Chicago, Ill. University of Illinois Press 1999
主題:
標簽: 添加標簽
沒有標簽, 成為第一個標記此記錄!
Thư viện lưu trữ: Trung tâm Học liệu Trường Đại học Cần Thơ
LEADER 00967nam a2200205Ia 4500
001 CTU_192025
008 210402s9999 xx 000 0 und d
082 |a 591.012 
082 |b H516 
100 |a Hennig, Willi 
245 0 |a Phylogenetic systematics 
245 0 |c Willi Hennig ; translated by D. Dwight Davis and Rainer Zangerl 
260 |a Chicago, Ill. 
260 |b University of Illinois Press 
260 |c 1999 
520 |a Phylogenetic Systematics", first published in 1966, marks a turning point in the history of systematic biology. Willi Hennig's influential synthetic work, arguing for the primacy of the phylogenetic system as the general reference system in biology, generated significant controversy and opened possibilities for evolutionary biology that are still being explored. 
650 |a Animals,Động vật 
650 |x Classification,Phân loại 
910 |a Hải 
980 |a Trung tâm Học liệu Trường Đại học Cần Thơ